00349nam a2200133Ia 4500008004100000020001500041041001200056082001600068100001800084245006400102260002500166300000800191650001600199221030s9999 xx 000 0 und d a0070486840 aEnglish a105.23bMal aE. G. Mallach 0aDecision Support & Data Warehouse Systemscby E. G. Mallach bTMHaNew Delhic2002 a664 aBE Computer